<?xml version="1.0" encoding="UTF-8"?>
<record
    xmlns:xsi="http://www.w3.org/2001/XMLSchema-instance"
    xsi:schemaLocation="http://www.loc.gov/MARC21/slim http://www.loc.gov/standards/marcxml/schema/MARC21slim.xsd"
    xmlns="http://www.loc.gov/MARC21/slim">

  <leader>01236cam a22002771  4500</leader>
  <controlfield tag="001">sa 65000841 </controlfield>
  <controlfield tag="003">DLC</controlfield>
  <controlfield tag="005">20260227112105.0</controlfield>
  <controlfield tag="008">840815s1963    ii ach        000 0 eng  </controlfield>
  <datafield tag="010" ind1=" " ind2=" ">
    <subfield code="a">sa 65000841 </subfield>
  </datafield>
  <datafield tag="025" ind1=" " ind2=" ">
    <subfield code="a">PL480:I-E-2892</subfield>
  </datafield>
  <datafield tag="035" ind1=" " ind2=" ">
    <subfield code="a">(OCoLC)11058244</subfield>
  </datafield>
  <datafield tag="040" ind1=" " ind2=" ">
    <subfield code="a">DLC</subfield>
    <subfield code="c">NcWsW</subfield>
    <subfield code="d">DLC</subfield>
  </datafield>
  <datafield tag="042" ind1=" " ind2=" ">
    <subfield code="a">premarc</subfield>
  </datafield>
  <datafield tag="050" ind1="0" ind2="0">
    <subfield code="a">DS481.B59</subfield>
    <subfield code="b">B5</subfield>
  </datafield>
  <datafield tag="110" ind1="2" ind2=" ">
    <subfield code="a">Biplabi Mahanayak Rash Behari Basu Smarak Samity, Calcutta.</subfield>
  </datafield>
  <datafield tag="245" ind1="1" ind2="0">
    <subfield code="a">Rash Behari Basu,</subfield>
    <subfield code="b">his struggle for India's independence.</subfield>
    <subfield code="c">Editor-in-chief: Radhanath Rath. Editor: Sabitri Prasanna Chatterjee.</subfield>
  </datafield>
  <datafield tag="250" ind1=" " ind2=" ">
    <subfield code="a">[1st ed.]</subfield>
  </datafield>
  <datafield tag="260" ind1=" " ind2=" ">
    <subfield code="a">Calcutta</subfield>
    <subfield code="c">[1963]</subfield>
  </datafield>
  <datafield tag="300" ind1=" " ind2=" ">
    <subfield code="a">xxxx, 596 p.</subfield>
    <subfield code="b">illus., facsims., ports.</subfield>
    <subfield code="c">23 cm.</subfield>
  </datafield>
  <datafield tag="505" ind1="0" ind2=" ">
    <subfield code="a">Messages and tributes.--Letters.--Tributes from Japan.--Speeches, broadcasts and statements.--Discourses on cultural and national subjects--Notes from Japan.--Further broadcasts and messages to Indian nation and congress leaders.--Bangkok conference: fuller details.--Appreciation by eminent personages.--Other contributions.</subfield>
  </datafield>
  <datafield tag="600" ind1="1" ind2="0">
    <subfield code="a">Bose, Rash Behari,</subfield>
    <subfield code="d">1886-1945.</subfield>
  </datafield>
  <datafield tag="700" ind1="1" ind2=" ">
    <subfield code="a">Bose, Rash Behari,</subfield>
    <subfield code="d">1886-1945.</subfield>
  </datafield>
  <datafield tag="700" ind1="1" ind2=" ">
    <subfield code="a">Ratha, R&#x101;dh&#x101;n&#x101;tha,</subfield>
    <subfield code="d">1896-1998.</subfield>
  </datafield>
  <datafield tag="700" ind1="1" ind2=" ">
    <subfield code="a">Chatterjee, Sabitri Prasanna,</subfield>
    <subfield code="e">ed.</subfield>
  </datafield>
  <datafield tag="999" ind1=" " ind2=" ">
    <subfield code="c">61777</subfield>
    <subfield code="d">61777</subfield>
  </datafield>
</record>
